| 000 | 01455nam a2200241Ia 4500 | ||
|---|---|---|---|
| 003 | Ost | ||
| 005 | 20260507074851.0 | ||
| 008 | 260507s9999||||xx |||||||||||||| ||und|| | ||
| 020 | _a9774100212 | ||
| 040 | _cfsecg | ||
| 041 | _aara | ||
| 082 | _a657 | ||
| 100 |
_aالسجاعي، محمود محمود _eمؤلف |
||
| 245 | 0 |
_aالنظام المحاسبي الموحد في ضوء المعايير المحاسبية / _c محمود محمود السجاعي |
|
| 260 |
_aالمنصورة: _bالمكتبة العصرية للنشر و التوزيع, _c2006 |
||
| 300 |
_a655 صفحة؛ _bإيضاحات ؛ _c24 سم |
||
| 504 | _aبيبليوغرافيا: ص.651 | ||
| 520 | _aيضم الاطار العام للنظام المحاسبي الموحد، أهم ملامح تعديلات النظام المحاسبي الموحد، التوجيه المحاسبي للعمليات المتعلقة بالاصول، التوجيه المحاسبي للعمليات المتعلقة بحقوق الملكية والالتزامات، التوجيه المحاسبي للتكاليف والمصروفات، التوجيه المحاسبي للايرادات، القوائم المالية، حالات عملية متنوعة، معدلات الاهلاك طبقا للنظام المحاسبي الموحد | ||
| 653 | _aالايرادات والنفقات | ||
| 653 | _aالتكاليف | ||
| 653 | _aالمحاسبة | ||
| 942 | _cكتاب | ||
| 999 |
_c41574 _d41574 |
||